000 01271nam a2200325 i 4500
999 _c200431470
_d49682
001 200431470
003 TR-AnTOB
005 20200109104921.0
007 ta
008 170317s2012 tu a be tur
020 _a9789076099927
040 _aT9K
_beng
_erda
_cT9K
_dTR-AnTOB
041 0 _atur
050 0 _aDS156.S25
090 _aDS156.S25
_bW34 2012
100 1 _aWaelkens, Marc
_eauthor
_9122571
245 1 0 _aSagalassos :
_bcity of dreams /
_cMarc Waelkens, Jeroen Poblome ; yayına hazırlayan: Die Keure ; editör Patrick de Rynck, Ebru Torun.
264 _a[Place of publication not identified] :
_b[publisher not identified],
_c2012.
300 _a176 pages :
_bcolor illustrations, color maps ;
_c29 cm
336 _atext
_btxt
_2rdacontent
337 _aunmediated
_bn
_2rdamedia
338 _avolume
_bnc
_2rdacarrier
500 _aPublished on the occasion of the exhibition in the Gallo-Roman Museum of Tongeren, 29 October 2011-17 June 2012.
650 0 _aKazılar (Arkeoloji)
_zTürkiye
_zSagalassos (Soyu tükenmiş şehir)
_2etuturkob
_9122572
700 1 _aPoblome, J.,
_q(Jeroen)
_eauthor.
_9122574
700 1 _aRynck, Patrick de,
_d1963-
_eeditor.
_9122576
700 1 _aTorun, Ebru
_eeditor.
_9122578
942 _2lcc
_cBK